Lectures on administrative law (Record no. 156843)

MARC details
000 -LEADER
fixed length control field 00386nam a2200157Ia 4500
008 - FIXED-LENGTH DATA ELEMENTS--GENERAL INFORMATION
fixed length control field 230917s9999||||xx |||||||||||||| ||und||
040 ## - CATALOGING SOURCE
-- 178030
Original cataloging agency VIVEKANANDA LIBRARY
041 ## - Language
-- English
082 ## - DDC NUMBER
Classification number 342 T139L(6)
100 ## - MAIN ENTRY--PERSONAL NAME
Personal name Takwani, C. K
245 #0 - TITLE STATEMENT
Title Lectures on administrative law
250 ## - EDITION STATEMENT
Edition statement 6th ed.
260 ## - PUBLICATION, DISTRIBUTION, ETC. (IMPRINT)
Place of publication, distribution, etc Delhi
Name of publisher, distributor, etc Eastern Book Co
Date of publication, distribution, etc 2008
300 ## - PHYSICAL DESCRIPTION
Pages lxxx, 552 p.
942 ## - ADDED ENTRY ELEMENTS (KOHA)
Koha item type Books
Holdings
Withdrawn status Lost status Damaged status Not for loan Location (home branch) Sublocation or collection (holding branch) Date acquired Koha issues (times borrowed) Koha full call number Accession No. Koha date last seen Koha item type
        VIVEKANANDA LIBRARY VIVEKANANDA LIBRARY 14/01/2011   342 T139L(6) 284539 17/09/2023 Books
        VIVEKANANDA LIBRARY VIVEKANANDA LIBRARY 14/01/2011 3 342 T139L(6) 284540 03/01/2026 Books
© Designed and Maintained by Vivekananda Library, MDU Rohtak